00485 2200193 4500001002100000005001500021008004100036020002200077035001900099041000700118082001000125090001600135100001800151700002000169245002700189260002800216300002700244650002000271INLIS00000000002496920241224131830241224||||||||| | ||| |||| || |  a978-623-206-114-9 0010-1224024969 aid0 a741.5 a741.5 NUR s0 aNuril Annissa0 aNS. Eramayawati00aSaat Aku Sakit : Demam aSolobTiga Anandac2019 a32 hlm. ; ill. ; 24 cm 0aFiksi Indonesia